000 00638nam a2200277Ia 4500
005 20260324150913.0
008 008 260324s9999 xx 000 0 eng d
020 _a9780203787533
037 _aEBOOK
040 _aCRL
040 _beng
040 _cCRL
041 _2eng
041 _aeng
084 _qCRL
100 _aJerome Frank; Brian H. Bix
_91228035
245 0 _aLaw and the Modern Mind
260 _bTaylor and Francis
260 _c1930
365 _a
365 _b255
856 _uhttp://www.taylorfrancis.com/books/9780203787533
942 _cEBOOK
999 _c1838275
_d1838275